书目信息 |
| 题名: |
钢筋工程量计算
|
|
| 作者: | 邵荣振 , 倪超 , 张金珠 主编 | |
| 分册: | ||
| 出版信息: | 武汉 华中科技大学出版社 2015.10 |
|
| 页数: | 123页 | |
| 开本: | 26cm | |
| 丛书名: | 这样学最简单! | |
| 单 册: | ||
| 中图分类: | TU723.32 | |
| 科图分类: | ||
| 主题词: | 配筋工程--pei jin gong cheng--工程造价--高等职业教育--教材 | |
| 电子资源: | ||
| ISBN: | 978-7-5680-1047-4 | |
| 000 | 01259nam 2200337 450 | |
| 001 | 0100195308 | |
| 005 | 20201118101026.92 | |
| 010 | @a978-7-5680-1047-4@dCNY28.00 | |
| 100 | @a20151012d2015 em y0chiy50 ea | |
| 101 | 0 | @achi |
| 102 | @aCN@b420000 | |
| 105 | @aa a 000yy | |
| 106 | @ar | |
| 200 | 1 | @a钢筋工程量计算@Agang jin gong cheng liang ji suan@e11G101图集@f邵荣振, 倪超, 张金珠主编@Fshao rong zhen , ni chao , zhang jin zhu zhu bian |
| 210 | @a武汉@c华中科技大学出版社@d2015.10 | |
| 215 | @a123页@c图@d26cm | |
| 225 | 2 | @a这样学最简单!@Azhe yang xue zui jian dan ! |
| 320 | @a有书目 (第123页) | |
| 330 | @a本书主要内容包括: 平法钢筋算量的基本知识, 独立基础, 柱构件, 梁构件, 剪力墙构件, 板构件及常用构件钢筋计算简表等。 | |
| 333 | @a工学结合·基于工作过程导向的项目化创新系列教材 国家示范性高等职业教育土建类“十二五”规划教材 | |
| 410 | 0 | @12001 @a这样学最简单! |
| 540 | @a钢筋工程量计算 | |
| 606 | 0 | @a配筋工程@Apei jin gong cheng@x工程造价@x高等职业教育@j教材 |
| 690 | @aTU723.32@v5 | |
| 701 | 0 | @a邵荣振@Ashao rong zhen@4主编 |
| 701 | 0 | @a倪超@Ani chao@4主编 |
| 701 | 0 | @a张金珠@Azhang jin zhu@4主编 |
| 801 | @aCN | |
| 803 | @a高职 | |
| 901 | @a19 | |
| 905 | @a河南城建学院图书馆@b1274823-5@dTU723.32@eS334@f3 | |
| 钢筋工程量计算:11G101图集/邵荣振, 倪超, 张金珠主编.-武汉:华中科技大学出版社,2015.10 |
| 123页:图;26cm.-(这样学最简单!) |
| 使用对象:工学结合·基于工作过程导向的项目化创新系列教材 国家示范性高等职业教育土建类“十二五”规划教材 |
| ISBN 978-7-5680-1047-4:CNY28.00 |
| 本书主要内容包括: 平法钢筋算量的基本知识, 独立基础, 柱构件, 梁构件, 剪力墙构件, 板构件及常用构件钢筋计算简表等。 |
| ● |
| 相关链接 |
|
|
|
正题名:钢筋工程量计算
索取号:TU723.32/S334
 
预约/预借
| 序号 | 登录号 | 条形码 | 馆藏地/架位号 | 状态 | 备注 |
| 1 | 1274823 | 212748233 | 建筑库201/201建筑库 106排5列6层/ [索取号:TU723.32/S334] | 在馆 | |
| 2 | 1274824 | 212748240 | 建筑库201/201建筑库 106排5列6层/ [索取号:TU723.32/S334] | 在馆 | |
| 3 | 1274825 | 212748257 | 建筑库201/201建筑库 106排5列6层/ [索取号:TU723.32/S334] | 在馆 |